| 000 | 00498nam a22001817a 4500 | ||
|---|---|---|---|
| 003 | BD-DhUL | ||
| 005 | 20180315161550.0 | ||
| 008 | 180315b xx ||||| |||| 00| 0 per d | ||
| 040 |
_aBD-DhUL _cBD-DhUL |
||
| 082 |
_a891.551 _bJAY |
||
| 100 | 3 | _aجامی۔ | |
| 245 | 0 |
_aیوسف و زلیخا / _cجامی۔ |
|
| 246 | _aYusuf wa Zulaikha | ||
| 260 |
_aممبی : _bمطبع طیبیٔ، _c۱۹۲۲۔ |
||
| 300 |
_aص۔ ۱۹۵ ؛ _c۲۱ سم۔ |
||
| 650 | 0 | _apersian poetry. | |
| 942 |
_2ddc _cBK |
||
| 999 |
_c239336 _d239336 |
||